000 00524nam a2200217Ia 4500
001 14501
003 GE_BSU
008 181216s||||||||xx |||||||||||||| ||und||
020 _a0091765366
040 _cGE_BSU
080 _a82-93
100 _aJacques,Brian
245 4 _aThe Pearls of Lutra. A Tale of Redwall
245 _cIllustrated by Allan Curcless
260 _aLondon
260 _bHutchinson
260 _c1996
300 _a406p.ill.23cm.
653 _aThe Pearls of Lutra. A Tale of Redwall
942 _cBK
999 _c47632
_d47632